ՀՀ Գիտությունների ազգային ակադեմիայի հիմնարար գիտական գրադարան  =   Fundamental Scientific Library of NAS RA
Normal view MARC view

Entry Personal Name

Number of records used in: 1

001 - CONTROL NUMBER

  • control field: 1261

003 - CONTROL NUMBER IDENTIFIER

  • control field: AM-YEHGA

005 - DATE AND TIME OF LATEST TRANSACTION

  • control field: 20250617070426.0

008 - FIXED-LENGTH DATA ELEMENTS

  • fixed length control field: 050204 a|ac|n|aab||||||||||||a |n|||||||

040 ## - CATALOGING SOURCE

  • Original cataloging agency: AM-YEHGA

100 1# - HEADING--PERSONAL NAME

  • Personal name: Ռշտունի, Գարեգին,
  • Dates associated with a name: 1840-1879

400 1# - SEE FROM TRACING--PERSONAL NAME

  • Personal name: Ռշտունի, Գարեգին Հ.
  • Dates associated with a name: 1840-1879

400 1# - SEE FROM TRACING--PERSONAL NAME

  • Personal name: Рштуни, Гарегин,
  • Dates associated with a name: 1840-1879

400 1# - SEE FROM TRACING--PERSONAL NAME

  • Personal name: Rshtuni, Garegin,
  • Dates associated with a name: 1840-1879

670 ## - SOURCE DATA FOUND

  • Source citation: Հայկական համառոտ հանրագիտարան, 2003 :
  • Information found: հ. 4 (Ռշտունի Գարեգին (1840, Բուխարեստ - 1879, Սալոնիկ), դերասան։ Վարդովյան թատրոնի դերասան (1868-ից), «բրիլիանտ-կոմիկ»։ Կատակերգերի հեղ. և կատարող։ Հեղ. է Տ. Չուխաճյանի «Քեոսե Քեհյա» օպերետի լիբրետոյի)

670 ## - SOURCE DATA FOUND

  • Source citation: Վեց ու կէս պորտի ժառանգ մնացած սնտուկը (Կատակախաղ մէկ արար), 1909 :
  • Information found: տիտղթ. (Գարեգին Հ. Ռշտունի)


ՀՀ ԳԱԱ հիմնարար գիտական գրադարան
ՀՀ,Երևան 0019
Մարշալ Բաղրամյան 24/6
հեռախոս:(374-10) 52-47-50
Հետադարձ կապ

All site content, except where otherwise noted, is licensed under a
Creative Commons License